Opraviteľné systémy s meniacim sa počtom zamietnutých dávok
Kontrola kvality produktov vzhľadom na dĺžku trvania kontroly rôznych systémov, ktorá môže byť ľubovoľne dlhá. Zvyčajne sa kontroluje počet náhodne vybraných produktov z určitej pevne stanovenej dávky. Paralelná kontrola niekoľkých systémov počas nie rovnakého počtu dní. Zistenie.
Salvato in:
| Autore principale: | |
|---|---|
| Natura: | Capitolo di libro |
| Lingua: | slovacco |
| Soggetti: | |
| Tags: |
Nessun Tag, puoi essere il primo ad aggiungerne!!
|
MARC
| LEADER | 00000naa$a2200000$$$4500 | ||
|---|---|---|---|
| 001 | 0085160 | ||
| 005 | 20240502071953.0 | ||
| 041 | 0 | |a slo | |
| 044 | |a SK | ||
| 245 | 1 | 0 | |a Opraviteľné systémy s meniacim sa počtom zamietnutých dávok |c Božena Viktorínová |
| 520 | |a Kontrola kvality produktov vzhľadom na dĺžku trvania kontroly rôznych systémov, ktorá môže byť ľubovoľne dlhá. Zvyčajne sa kontroluje počet náhodne vybraných produktov z určitej pevne stanovenej dávky. Paralelná kontrola niekoľkých systémov počas nie rovnakého počtu dní. Zistenie. | ||
| 610 | 2 | 0 | |a kontrola kvality |
| 610 | 2 | 0 | |a výrobky |
| 610 | 2 | 0 | |a modely |
| 610 | 2 | 0 | |a systémy testovacie |
| 100 | 1 | |a Viktorínová, Božena | |